| 000 | 01003cam a2200253 i 4500 | ||
|---|---|---|---|
| 001 | 000017995 | ||
| 005 | 20200929165316.0 | ||
| 008 | 760826s1977 ch r 000 0 eng | ||
| 040 |
_aDO-SdBNP _bspa _cBNPHU |
||
| 082 |
_axxxx _bxxxx |
||
| 245 | 0 | 0 |
_aAn Anthology of contemporary Chinese literature : _bTaiwan, 1949-1974 / _cedición y compilación Chi Pang-yuan, John J. Deeney, Ho Hsin, Wu Hsi-chem y Yü Kwang-chung. |
| 260 |
_aTaipei : _bNational Institute for Compilation and Translation, _c1977. |
||
| 300 |
_a2 v. ; _c23 cm. |
||
| 504 | _aIncluye referencias bibliográficas y notas al pie de las páginas. | ||
| 590 | _aInventariado, 2019/BT | ||
| 650 | 0 |
_aChinese literature _xTranslations into english. _939007 |
|
| 651 | 0 |
_aTaiwan _xLiterary Collections. _939008 |
|
| 650 | 0 |
_aChinese literature _zTaiwan. _939009 |
|
| 700 | 1 |
_aChi, Pang-Yuan _939010 |
|
| 700 | 1 |
_aDeeney, John J. _939011 |
|
| 700 | 1 |
_aHo, Hsin _939012 |
|
| 700 | 1 |
_aWu, Hsi-chen _939013 |
|
| 700 | 1 |
_aYü, Kwang-Chung _939014 |
|
| 999 |
_c17517 _d17517 |
||